000 00387nam a2200133Ia 4500
008 151015s9999 xx 000 0 und d
050 _aHA 31.2.C93 1995
245 _aCzaja Ronald
250 _a_Designing Surveys A guide to decisions and procedures
300 _aIndia pine Forge press 1995
500 _aIncludes index
650 _a_surveys
700 _a^d20130529 05:27:30^oanne
999 _c4939
_d4939